000 00641cam a22002293a 4500
001 3130
003 PGUSA
005 20140828083026.0
008 041010s2004||||xxu|||||s|||||000 | eng d
040 _aPGUSA
_beng
042 _adc
050 4 _aF206
100 1 _aWarner, Charles Dudley,
_d1829-1900
245 1 0 _aCaptain John Smith
_h[electronic resource] /
_cCharles Dudley Warner
260 _bProject Gutenberg,
_c2004
506 _aPublic domain in the USA.
516 _aElectronic text
653 _aSmith, John, 1580-1631
830 0 _aProject Gutenberg
_v3130
856 4 0 _uhttp://www.gutenberg.org/ebooks/3130
942 _cEB
999 _c232459
_d232459